Antes e depois de Darwin (Record no. 186006)

MARC details
000 -LÍDER
campo de controle de tamanho fixo 00379 a2200169 4500
001 - NÚMERO DE CONTROLE
campo de controle 186006
020 ## - ISBN - INTERNATIONAL STANDARD BOOK NUMBER
ISBN - International Standard Book Number 978-85-294-0371-1
040 ## - FONTE DA CATALOGAÇÃO
Instituição que transcreveu o registro Magnum
100 ## - ENTRADA PRINCIPAL--NOME PESSOAL
Nome pessoal Castro, Nelson Henrique Carvalho de
240 10 - TÍTULO UNIFORME
Título uniforme Antes e depois de Darwin
Idioma da obra por
245 10 - TÍTULO
Título Antes e depois de Darwin
300 ## - DESCRIÇÃO FÍSICA
Extensão 64
362 0# - DATAS DE PUBLICAÇÃO E/OU DESIGNAÇÃO SEQUENCIAL
Datas de publicação e/ou designação sequencial 2009
440 #1 - DECLARAÇÃO DE SÉRIE/ENTRADA ADICIONADA--TÍTULO
Título Harbra
697 ## - ENTRADA DE ASSUNTO LOCAL--ENTIDADE COLETIVA (RLIN)
Nome corporativo ou nome da jurisdição BIOLOGIA
942 ## - ELEMENTOS DE ENTRADA ADICIONADOS (KOHA)
Tipo de material Koha Livros
Holdings
Situação do descarte Situação das perdas Situação física Não pode ser emprestado Biblioteca de origem Biblioteca atual Data de aquisição Total de empréstimos Número de chamada completo Código de barras Data de último acesso Data do preço efetivo Tipo de material Koha
        Magnum Magnum 08/06/2024   3.60 MAG00051559 08/06/2024 08/06/2024 Livros
        Magnum Magnum 08/06/2024   3.60 MAG00051560 08/06/2024 08/06/2024 Livros